| LEADER | 03750nim a2200853 i 4500 | ||
|---|---|---|---|
| 001 | 313083 | ||
| 003 | CZ PrSKC | ||
| 005 | 20260601215735.0 | ||
| 007 | sd fungnnmmned | ||
| 008 | 160830t20162016xr nnnnj f n cze | ||
| 015 | |a cnb002830065 | ||
| 024 | 3 | |a 8594050422407 | |
| 028 | 0 | 1 | |a 8594050422407 |b Albatros |
| 040 | |a ABA001 |b cze |e rda | ||
| 072 | 7 | |a 821.162.3-3 |x Česká próza |2 Konspekt | |
| 072 | 7 | |a 821-93 |x Literatura pro děti a mládež (beletrie) |2 Konspekt | |
| 080 | |a 821.162.3-32 |2 MRF | ||
| 080 | |a (0:82-32) |2 MRF | ||
| 080 | |a (086.7.053.2) |2 MRF | ||
| 080 | |a (086.7)08 |2 MRF | ||
| 080 | |a (086.76) |2 MRF | ||
| 100 | 1 | |a Peroutková, Ivana, |d 1960- |7 jn20000401963 |4 aut | |
| 245 | 1 | 0 | |a Anička ve městě / |c Ivana Peroutková |
| 250 | |a Nezkrácená audiokniha | ||
| 264 | 1 | |a Praha : |b Albatros, |c [2016] | |
| 264 | 4 | |c ©2016 | |
| 300 | |a 1 audiodisk (2 hod., 34 min.) ; |c 12 cm | ||
| 306 | |a 023400 | ||
| 336 | |a mluvené slovo |b spw |2 rdacontent | ||
| 337 | |a audio |b s |2 rdamedia | ||
| 338 | |a audiodisk |b sd |2 rdacarrier | ||
| 344 | |a digital |b optical |2 rda | ||
| 347 | |a audio soubor |b MP3 |2 rda | ||
| 500 | |a Název z disku | ||
| 500 | |a Copyright Albatros Media | ||
| 508 | |a Režie, Jindřiška Nováková | ||
| 511 | 0 | |a Čte Martha Issová | |
| 518 | |o Nahráno |d březen 2016 |p studi DAMU, Praha | ||
| 655 | 7 | |a české příběhy |7 fd133973 |2 czenas | |
| 655 | 7 | |a zvukové záznamy pro děti a mládež |7 fd186726 |2 czenas | |
| 655 | 7 | |a audioknihy |7 fd119452 |2 czenas | |
| 655 | 7 | |a kompaktní disky |7 fd201991 |2 czenas | |
| 655 | 9 | |a Czech stories |2 eczenas | |
| 655 | 9 | |a juvenile sound recordings |2 eczenas | |
| 655 | 9 | |a audiobooks |2 eczenas | |
| 655 | 9 | |a compact discs |2 eczenas | |
| 700 | 1 | |a Nováková, Jindřiška, |d 1954- |7 jn20010601354 |4 drt | |
| 700 | 1 | |a Issová, Martha, |d 1981- |7 js20051128007 |4 nrt | |
| 787 | 0 | 8 | |i Z cyklu: |t Anička |g 2 |
| 900 | |a ABA001 |b 18 | ||
| 044 | |a xr | ||
| 505 | 0 | 0 | |t 01 Anicka se vraci do Prahy a zacina si znovu psat denik (7 min., 22 sek.) |
| 505 | 0 | 0 | |t 02 Anicka jde poprve sama ven a brzy pozna novou kamaradku (6 min., 52 sek.) |
| 505 | 0 | 0 | |t 03 Navsteva Zverimexu a Anicka ma uz prvni prani (6 min., 15 sek.) |
| 505 | 0 | 0 | |t 04 Vecere v restauraci a jak neni jednoduche byt slecnou (8 min., 41 sek.) |
| 505 | 0 | 0 | |t 05 Na koupalisti halasne tropicke slunce (8 min., 5 sek.) |
| 505 | 0 | 0 | |t 06 Prvni den v nove skole ceska rec a pet smyslu (7 min., 33 sek.) |
| 505 | 0 | 0 | |t 07 Podivuhodny rozhovor ktery Anicku prinuti myslet na vaznejsi veci (8 min., 23 sek.) |
| 505 | 0 | 0 | |t 08 Anicka si nese domu vytouzeny darek (8 min., 52 sek.) |
| 505 | 0 | 0 | |t 09 Prvni hodina baletu (6 min., 56 sek.) |
| 505 | 0 | 0 | |t 10 Na koleckovych bruslich a Aniccin dalsi slib (7 min., 36 sek.) |
| 505 | 0 | 0 | |t 11 Prvni hodina anglictiny (7 min., 36 sek.) |
| 505 | 0 | 0 | |t 12 Kridy jizda na kolotoci a Tarkuv slib u fontanky (10 min., 7 sek.) |
| 505 | 0 | 0 | |t 13 Jak dopadlo sbirani kastanu (4 min., 54 sek.) |
| 505 | 0 | 0 | |t 14 Nabrezi labute a hodny dedecek (5 min., 14 sek.) |
| 505 | 0 | 0 | |t 15 Vylet do neznama (10 min., 52 sek.) |
| 505 | 0 | 0 | |t 16 Nestastne smutne dny (10 min., 9 sek.) |
| 505 | 0 | 0 | |t 17 Jak se rodi drak a jak voni zahrada (9 min., 1 sek.) |
| 505 | 0 | 0 | |t 18 Kdo se pridal k divadlu (5 min., 38 sek.) |
| 505 | 0 | 0 | |t 19 Dalsi prekvapeni a hruzny nalez (9 min., 15 sek.) |
| 505 | 0 | 0 | |t 20 Vsechno se v dobre obrati (4 min., 53 sek.) |
| 910 | |a RBIT002 | ||
| 998 | |d 354307 |a https://core.palmknihy.cz/api/books/354307/cover?sic3go |b https://core.palmknihy.cz/api/books/354307/cover/400?sic3go |c https://core.palmknihy.cz/api/books/354307/cover/50?sic3go |e 2031-12-31 |i 8594050422407 |l 5640 |q 49 |r 1 |s https://www.palmknihy.cz/kniha/354307 |t audiobook |y 2016 |z 0 | ||
| 999 | |d 313081 | ||